Negocios internacionales (Registro nro. 11162)
[ vista simple ]
| 000 -CABECERA | |
|---|---|
| Longitud fija campo de control | 01163cam a2200325 c 4500 |
| 001 - NÚMERO DE CONTROL | |
| Número de control | a5094455 |
| 003 - IDENTIFICADOR DELl NÚMERO DE CONTROL | |
| Identificador del número de control | OSt |
| 005 - FECHA Y HORA DE LA ÚLTIMA TRANSACCIÓN | |
| Fecha y hora de la última transacción | 20140618213008.0 |
| 008 - CÓDIGOS DE INFORMACIÓN DE LONGITUD FIJA | |
| Códigos de información de longitud fija | 110810s2010 mex spa |
| 020 ## - NÚMERO INTERNACIONAL NORMALIZADO PARA LIBROS | |
| Número Internacional Normalizado para Libros (ISBN) | 978-607-442-387-7 |
| 040 ## - FUENTE DE LA CATALOGACIÓN | |
| Centro catalogador de origen | SpMaBN |
| Lengua de catalogación | spa |
| Centro transcriptor | BMC |
| Normas de descripción | rdc |
| 082 ## - NÚMERO DE LA CLASIFICACIÓN DECIMAL DEWEY | |
| Númeroo de clasificación | 658.15 |
| 082 ## - NÚMERO DE LA CLASIFICACIÓN DECIMAL DEWEY | |
| Númeroo de clasificación | 337 |
| 082 ## - NÚMERO DE LA CLASIFICACIÓN DECIMAL DEWEY | |
| Númeroo de clasificación | 658.800467 |
| 100 1# - PUNTO DE ACCESO PRINCIPAL-NOMBRE DE PERSONA | |
| 9 (RLIN) | 20417 |
| Nombre de persona | Daniels, John D. |
| 245 10 - MENCIÓN DE TÍTULO | |
| Título | Negocios internacionales |
| Resto del título | : ambientes y operaciones |
| Mención de responsabilidad, etc. | John D. Daniels, Lee H. Radebaugh, Daniel P. Sullivan ; traducción, María del Pilar Carril Villarreal ; revisión técnica, Sergio Garcilazo Lagunes, Alejandra Solano |
| 250 ## - MENCIÓN DE EDICIÓN | |
| Mención de edición | 12ª ed |
| 260 ## - PUBLICACIÓN, DISTRIBUCIÓN, ETC. (PIE DE IMPRENTA) | |
| Lugar de publicación, distribución, etc. | México, D.F. [etc.] |
| Nombre del editor, distribuidor, etc. | Prentice Hall |
| Fecha de publicación, distribución, etc. | 2010 |
| 300 ## - DESCRIPCIÓN FÍSICA | |
| Extensión | XLI, 861, [16] p. |
| Otras características físicas | il. col. y n., mapas |
| Dimensiones | 24 cm |
| 500 ## - NOTA GENERAL | |
| Nota general | Índices: p. 833-861 |
| 650 24 - PUNTO DE ACCESO ADICIONAL DE MATERIA - TÉRMINO DE MATERIA | |
| Término de materia o nombre geográfico como elemento inicial | Empresas |
| 9 (RLIN) | 5713 |
| Subdivisión de materia general | Finanzas |
| 650 24 - PUNTO DE ACCESO ADICIONAL DE MATERIA - TÉRMINO DE MATERIA | |
| Término de materia o nombre geográfico como elemento inicial | Economía internacional |
| 9 (RLIN) | 5978 |
| 650 24 - PUNTO DE ACCESO ADICIONAL DE MATERIA - TÉRMINO DE MATERIA | |
| Término de materia o nombre geográfico como elemento inicial | Marketing en Internet |
| 9 (RLIN) | 7847 |
| 700 1# - PUNTO DE ACCESO ADICIONAL - NOMBRE DE PERSONA | |
| Nombre de persona | Radebaugh, Lee H. |
| 9 (RLIN) | 20418 |
| 700 1# - PUNTO DE ACCESO ADICIONAL - NOMBRE DE PERSONA | |
| Nombre de persona | Sullivan, Daniel P. |
| 9 (RLIN) | 20419 |
| 700 1# - PUNTO DE ACCESO ADICIONAL - NOMBRE DE PERSONA | |
| Nombre de persona | Carril Villarreal, María del Pilar |
| 9 (RLIN) | 6340 |
| 700 1# - PUNTO DE ACCESO ADICIONAL - NOMBRE DE PERSONA | |
| Nombre de persona | Solano, Alejandra |
| 9 (RLIN) | 20433 |
| 700 1# - PUNTO DE ACCESO ADICIONAL - NOMBRE DE PERSONA | |
| 9 (RLIN) | 7843 |
| Nombre de persona | Garcilazo Lagunes, Sergio |
| 942 ## - ENTRADA DE ELEMENTOS AGREGADOS (KOHA) | |
| Fuente de clasificaión o esquema | Dewey Decimal Classification |
| Koha [por defecto] tipo de item | 1- Monografias |
| Suprimido | Perdido | Fuente de clasificación o esquema | Estropeado | Restricciones de uso | No para préstamo | Código de colección | Localización permanente | Localización actual | Localización en estanter&íacute;as | Fecha adquisición | Fuente de adquisición | Número de inventario | Préstamos totales | Signatura completa | Código de barras | Fecha última consulta | Fecha último préstamo | Coste, precio reemplazado | Fecha del precio de reemplazo | Tipo de item de Koha |
|---|---|---|---|---|---|---|---|---|---|---|---|---|---|---|---|---|---|---|---|---|
| NULL | NULL | Dewey Decimal Classification | NULL | Prestable | NULL | NULL | Biblioteca Miguel de Cervantes - UNICAES | Biblioteca Miguel de Cervantes - UNICAES | Sala Principal | 14/09/2011 | Donación - Facultad de Ciencias Empresariales | 017679 | 2 | 658.15 DAN neg | 1018022 | 02/03/2016 | 29/02/2016 | 30.00 | 13/06/2014 | 1- Monografias |
| NULL | NULL | Dewey Decimal Classification | NULL | Prestable | NULL | NULL | Biblioteca Miguel de Cervantes - UNICAES | Biblioteca Miguel de Cervantes - UNICAES | Sala Principal | 14/09/2011 | Donación - Facultad de Ciencias Empresariales | 017680 | 9 | 658.15 DAN neg | 1018023 | 28/04/2017 | 26/04/2017 | 30.00 | 13/06/2014 | 1- Monografias |
| NULL | NULL | Dewey Decimal Classification | NULL | Prestable | NULL | NULL | Biblioteca Miguel de Cervantes - UNICAES | Biblioteca Miguel de Cervantes - UNICAES | Sala Principal | 14/09/2011 | Donación - Facultad de Ciencias Empresariales | 017681 | 5 | 658.15 DAN neg | 1018024 | 19/03/2018 | 19/03/2018 | 30.00 | 13/06/2014 | 1- Monografias |
| NULL | NULL | Dewey Decimal Classification | NULL | Prestable | NULL | NULL | Biblioteca Miguel de Cervantes - UNICAES | Biblioteca Miguel de Cervantes - UNICAES | Sala Principal | 21/01/2012 | Donación - Facultad de Ciencias Empresariales | 017682 | 2 | 658.15 DAN neg | 1018025 | 24/02/2017 | 22/02/2017 | 30.00 | 13/06/2014 | 1- Monografias |